00984cam a2200241 i 4500020001500000020001500015082002700030100002300057245010600080260004900186300005600235500012000291500002000411526003700431650004600468650004000514650001300554700002700567700002300594942001200617999001900629952009400648 a0340123761 a034012377X00a692.8bKINcL-21, P-641 aKing, W. H.94552712aA metric manual of specifications and quantities for civil engineers /c[by] W.H. King, D.M.R. Esson. aLondon :bEnglish Universities Press,c1975. ax, 230 p. :bill., facsims., forms, plans ;c23 cm. aBased on the 5th ed. of A manual of specifications and quantities for civil engineers by A. Johnson and W. H. King. aIncludes index. a0b0c0d692_800000000000000_KIN 0aCivil engineeringxSpecifications.940600 0aEngineeringxSpecifications.945528 0aMCE93791 aEsson, D. M. R.9455291 aJohnson, A.945530 2ddccBK c549026d549026 00102ddc4070aMCEbMCEd2014-09-15l0o692.8 KINpMCE-5104r2014-09-15w2014-09-15yBK